00957nam a22001817a 450000500170000000800420001705000230005905000230008210000200010524501430012525000110026826000730027930000190035250502770037165000430064865000490069170000350074020191029104239.0191022b fr ||||| |||| 00| 0 fre d04aKJV447.7bP53 192604aKJJ1231 bP53 19261 aPlaniol, Marcel10aTraite elementaire de droit civil : conforme au programme officiel des facultes de droit /cMarcel Planiol ; collaboration Georges Ripert. a10 ed. aParis : bLibrairie générale de Droit & De Jurisprudence, c1926 a3 v. ;c23 cm.0 tV.1. -- Principes generaux, les personnes, la famille, les incapables, les bienes.tV.2. -- Les preuves, theorie generale des obligators, les contrats, les privileges, et les hypotheques.tV.3. -- Les regimes matrimoniaux, les successions, les donations et les testaments. 7aDerecho CivilxHistoria2lembzFrancia 7aProcedimiento CivilxHistoria2lembzFrancia1 aRiperts, Georges,ecolaborador